000 00999nam a2200301Ia 4500
003 OSt
005 20221007122816.0
006 a|||||r|||| 00| 0
007 ta
008 221006b |||||||| |||| 00| 0 eng d
020 _a9783527411009 (hbk)
024 _a188427
037 _b1989, 13/03/2013, Ashutosh Technical Books
_cTextual
040 _aPAPL
_cPAPL
_beng
041 _2eng
_aeng
082 _aC6:212, Q2 Carpa
100 _aLudge Kathy Ed.
_9715248
245 0 _aNonlinear laser dynamics: From quantum dots to cryptography
260 _aWeinheim
_bWiley-VCH
_c2012
300 _axx,388p.
_ccm.
490 _aReviews in Nonlinear Dynamics and Complexity
500 _aInclude bibliographical references.; Index 381-387p.
650 _a Nonlinear optics
650 _a Semiconductor lasers
650 _aPhysics
942 _hC6:212, Q2 Carpa
_cTEXL
_2CC
999 _c1210961
_d1210961